Elements by Melting Point - Statistics

General Stats
  • This quiz has been taken 8 times
  • The average score is 6 of 109
Answer Stats
°Kelvin Element % Correct
3695 Tungsten
86%
0.95 Helium
57%
13.99 Hydrogen
43%
83.81 Argon
29%
265.8 Bromine
29%
171.6 Chlorine
29%
53.48 Fluorine
29%
115.78 Krypton
29%
234.32~ Mercury
29%
24.56 Neon
29%
63.23 Nitrogen
29%
54.36 Oxygen
29%
202 Radon
29%
161.4 Xenon
29%
302.92~ Gallium
14%
1337.33 Gold
14%
2896 Molybdenum
14%
2750 Niobium
14%
3306 Osmium
14%
3459 Rhenium
14%
3290 Tantalum
14%
1405.3 Uranium
14%
1500 Actinium
0%
933.47 Aluminium
0%
1449 Americium
0%
903.78 Antimony
0%
575 Astatine
0%
1000 Barium
0%
1259 Berkelium
0%
1560 Beryllium
0%
544.7 Bismuth
0%
2349 Boron
0%
594.22 Cadmium
0%
301.7 Caesium
0%
1115 Calcium
0%
1173 Californium
0%
1068 Cerium
0%
2180 Chromium
0%
1768 Cobalt
0%
283 Copernicium
0%
1357.77 Copper
0%
1613 Curium
0%
1680 Dysprosium
0%
1133 Einsteinium
0%
1802 Erbium
0%
1099 Europium
0%
1800 Fermium
0%
200 Flerovium
0%
300 Francium
0%
1585 Gadolinium
0%
1211.4 Germanium
0%
2505 Hafnium
0%
1734 Holmium
0%
429.75~ Indium
0%
386.85 Iodine
0%
2716 Iridium
0%
1811 Iron
0%
1193 Lanthanum
0%
1900 Lawrencium
0%
600.61 Lead
0%
453.65 Lithium
0%
637 Livermorium
0%
1925 Luteum
0%
923 Magnesium
0%
1519 Manganese
0%
1100 Mendelevium
0%
670 Moscovium
0%
1297 Neodymium
0%
912 Neptunium
0%
1728 Nickel
0%
700 Nihonium
0%
1100 Nobelium
0%
~325 Oganesson
0%
1828.05 Palladium
0%
317.3 Phosphorus
0%
2041.4 Platinum
0%
912.5 Plutonium
0%
527 Polonium
0%
336.7 Potassium
0%
1208 Praseodymium
0%
1315 Promethium
0%
1841 Protactinium
0%
973 Radium
0%
2237 Rhodium
0%
312.45 Rubidium
0%
2607 Ruthenium
0%
2400 Rutherfordium
0%
1345 Samarium
0%
1814 Scandium
0%
494 Selenium
0%
1687 Silicon
0%
1234.93 Silver
0%
370.94~ Sodium
0%
1050 Strontium
0%
388.36 Sulpher
0%
2430 Technetium
0%
722.66 Tellurium
0%
623 Tennessine
0%
1629 Terbium
0%
577 Thallium
0%
2023 Thorium
0%
1818 Thulium
0%
505.08 Tin
0%
1941 Titanium
0%
2183 Vanadium
0%
1097 Ytterbium
0%
1799 Yttrium
0%
692.68 Zinc
0%
2128 Zirconium
0%
No matching quizzes found
Score Distribution
Percent of People with Each Score
Percentile by Number Answered
Your Score History
You have not taken this quiz